| 000 | 00653nam a2200241Ia 4500 | ||
|---|---|---|---|
| 003 | OSt | ||
| 005 | 20220918213707.0 | ||
| 006 | a|||||r|||| 00| 0 | ||
| 007 | ta | ||
| 008 | 220917b |||||||| |||| 00| 0 eng d | ||
| 024 | _a133,846 | ||
| 037 | _cTextual | ||
| 040 |
_aARTS _cARTS _beng |
||
| 041 |
_2eng _aeng |
||
| 082 | _aX:89Q, K9 | ||
| 100 |
_aUman David B _9128006 |
||
| 245 | 0 |
_aNew production programs _b their planning and control |
|
| 260 |
_aNew York _bAmerican Management Association _c1969 |
||
| 300 |
_a159p. _ccm. |
||
| 650 | _aECONOMICS | ||
| 942 |
_hX:89Q, K9 _cTEXL _2CC |
||
| 999 |
_c256953 _d256953 |
||